000 00407 a2200145 4500
999 _c10209
_d10209
020 _a9781911438199
050 _aPR823.92 DEE 2017
100 _a DEE, JONI
_eauthor
245 _a AND THE WOLF SHALL DWELL /
_cJONI DEE
264 _aDevon:
_bBLUE POPPY Publishing,
_c2017.
300 _a211 pages ; 21 cm
500 _aNo index and bibliography
650 _awolf novel
942 _2lcc
_cBK
_h823.92
_iDEE
_kPR